[Event "San Francisco Grey Memorial"]
[Site "San Francisco"]
[Date "2017.09.12"]
[Round "6"]
[White "White, Benjamin M"]
[Black "Krasnov, Steven Lender"]
[Result "0-1"]
[WhiteElo "1470"]
[BlackElo "1972"]
[PlyCount "54"]
[EventDate "2017.08.08"]
[EventType "swiss"]
[EventRounds "9"]
[EventCountry "USA"]
[SourceTitle "EXT 2023"]
[Source "ChessBase"]
[SourceDate "2022.10.05"]
[SourceVersion "1"]
[SourceVersionDate "2022.10.05"]
[SourceQuality "1"]

1. e4 c5 2. d4 cxd4 3. c3 dxc3 4. Nxc3 Nc6 5. Nf3 d6 6. Bb5 Bd7 7. 0-0 Nf6 8. Bg5 e6 9. Re1 h6 10. Bh4 a6 11. Ba4 b5 12. Bb3 Rb8 13. a3 Na5 14. e5 dxe5 15. Nxe5 Be7 16. Bxf6 Bxf6 17. Qxd7+ Qxd7 18. Nxd7 Kxd7 19. Rad1+ Kc7 20. Ba2 Rhd8 21. Rc1 Kb6 22. b4 Nc6 23. Ne4 Bb2 24. Rc2 Bxa3 25. Nc5 Bxb4 26. Nxa6 Bxe1 27. Nxb8 Rxb8 0-1

[Event "San Francisco Grey Memorial"]
[Site "San Francisco"]
[Date "2017.08.08"]
[Round "1"]
[White "Marquez, Martin"]
[Black "Krasnov, Steven Lender"]
[Result "1-0"]
[WhiteElo "1475"]
[BlackElo "1972"]
[PlyCount "80"]
[EventDate "2017.08.08"]
[EventType "swiss"]
[EventRounds "9"]
[EventCountry "USA"]
[SourceTitle "EXT 2023"]
[Source "ChessBase"]
[SourceDate "2022.10.05"]
[SourceVersion "1"]
[SourceVersionDate "2022.10.05"]
[SourceQuality "1"]

1. d4 d6 2. c4 Nf6 3. Nc3 g6 4. Nf3 Bg7 5. e3 0-0 6. Be2 c6 7. 0-0 Nbd7 8. b3 Qc7 9. h3 e5 10. Qc2 Re8 11. Bd3 b6 12. Bb2 Bb7 13. Rac1 Rac8 14. Rfe1 Qb8 15. Qb1 a6 16. a4 Nh5 17. Ng5 exd4 18. exd4 Bxd4 19. Nce4 Be5 20. Nf3 f5 21. Nxe5 dxe5 22. Ng5 h6 23. g4 Ng7 24. gxf5 hxg5 25. f6 Nxf6 26. Bxg6 Re7 27. Qa1 Nd7 28. Rcd1 Qc7 29. Qc1 Ne6 30. Bf5 Kf7 31. Qc2 Rg8 32. Bh7 Rg7 33. Qf5+ Ke8 34. Rxe5 Ndf8 35. Rxe6 Rxh7 36. Red6 Rd7 37. Re6+ Rhe7 38. Rxe7+ Rxe7 39. Bf6 Bc8 40. Qf3 Rf7 1-0

[Event "San Francisco TNM Summer op"]
[Site "San Francisco"]
[Date "2016.06.14"]
[Round "4"]
[White "Lourme, Nicholas Raymond"]
[Black "Krasnov, Steven Lender"]
[Result "0-1"]
[WhiteElo "1808"]
[BlackElo "1993"]
[PlyCount "64"]
[EventDate "2016.05.24"]
[EventType "swiss"]
[EventRounds "8"]
[EventCountry "USA"]
[SourceTitle "EXT 2018"]
[Source "ChessBase"]
[SourceDate "2017.10.13"]
[SourceVersion "1"]
[SourceVersionDate "2017.10.13"]
[SourceQuality "1"]

1. d4 d5 2. Nf3 c6 3. e3 Nf6 4. c4 e6 5. Nc3 Nbd7 6. Bd3 dxc4 7. Bxc4 b5 8. Bd3 Bb7 9. e4 b4 10. Na4 Rc8 11. 0-0 Be7 12. Be3 c5 13. e5 Nd5 14. dxc5 Nxe3 15. fxe3 0-0 16. Bb5 Nxc5 17. Nxc5 Bxc5 18. Qe2 Qc7 19. Rac1 Bxf3 20. Qxf3 Qxe5 21. Rce1 Qxb2 22. Bd3 Qd2 23. Bb1 g6 24. Kh1 Bb6 25. Re2 Qc3 26. Rc2 Qg7 27. Rxc8 Rxc8 28. Qb7 Rd8 29. h3 f5 30. Qxg7+ Kxg7 31. Re1 Kf6 32. g3 Bxe3 0-1

[Event "San Francisco TNM Summer op"]
[Site "San Francisco"]
[Date "2015.07.14"]
[Round "8"]
[White "Krasnov, Steven Lender"]
[Black "Stuetzel, Ezra G"]
[Result "1-0"]
[WhiteElo "1977"]
[BlackElo "1549"]
[PlyCount "105"]
[EventDate "2015.05.26"]
[EventType "swiss"]
[EventRounds "8"]
[EventCountry "USA"]
[SourceTitle "EXT 2016"]
[Source "ChessBase"]
[SourceDate "2015.10.08"]
[SourceVersion "1"]
[SourceVersionDate "2015.10.08"]
[SourceQuality "1"]

1. Nf3 d5 2. c4 c6 3. e3 Nf6 4. Nc3 e6 5. Qc2 Na6 6. a3 Nc7 7. b4 Be7 8. Bb2 dxc4 9. Bxc4 Ncd5 10. 0-0 Bd7 11. Rad1 b5 12. Be2 0-0 13. Ne5 a5 14. Nxd5 cxd5 15. Qb3 axb4 16. axb4 Qb6 17. f4 Ra4 18. Bc3 Qd6 19. Ra1 Rfa8 20. Nxd7 Qxd7 21. Qb2 h6 22. Rfb1 Ne8 23. Rxa4 Rxa4 24. Bd1 Ra7 25. Bd4 Ra8 26. Be2 f6 27. Bc5 Nd6 28. d3 Nf5 29. e4 Bxc5+ 30. bxc5 dxe4 31. dxe4 Qd4+ 32. Qxd4 Nxd4 33. Bxb5 Rc8 34. c6 Nxb5 35. Rxb5 Rxc6 36. Kf2 Rc2+ 37. Kf3 Rc3+ 38. Kg4 Rc2 39. Kh3 Rc3+ 40. g3 Rc7 41. Kg4 Kf7 42. h4 Rc8 43. Kh5 Rc7 44. g4 Rd7 45. g5 hxg5 46. hxg5 g6+ 47. Kh6 fxg5 48. fxg5 Rd4 49. Rb7+ Kf8 50. Kxg6 Rxe4 51. Kf6 Kg8 52. Rb8+ Kh7 53. g6+ 1-0

[Event "San Francisco TNM Summer op"]
[Site "San Francisco"]
[Date "2015.06.30"]
[Round "6"]
[White "Krasnov, Steven Lender"]
[Black "Dupree, Charles"]
[Result "1/2-1/2"]
[WhiteElo "1977"]
[BlackElo "1625"]
[PlyCount "98"]
[EventDate "2015.05.26"]
[EventType "swiss"]
[EventRounds "8"]
[EventCountry "USA"]
[SourceTitle "EXT 2016"]
[Source "ChessBase"]
[SourceDate "2015.10.08"]
[SourceVersion "1"]
[SourceVersionDate "2015.10.08"]
[SourceQuality "1"]

1. Nf3 e6 2. g3 b5 3. Bg2 Bb7 4. 0-0 c5 5. d3 d5 6. Nbd2 Nf6 7. c3 Bd6 8. Qc2 0-0 9. e4 Nc6 10. Re1 Qc7 11. b3 Rfd8 12. Bb2 Rac8 13. Rad1 Nd7 14. Nf1 Qb6 15. Qd2 d4 16. h4 Nde5 17. N1h2 Be7 18. Nxe5 Nxe5 19. Nf3 dxc3 20. Qxc3 Nxf3+ 21. Bxf3 Bf6 22. Qd2 Bxb2 23. Qxb2 Rd4 24. Re3 Qd6 25. e5 Qd7 26. Bxb7 Qxb7 27. a3 Rcd8 28. f3 R8d5 29. Kf2 Qd7 30. Ke2 Kf8 31. Qc3 Qc7 32. f4 Qb7 33. Rc1 Qa6 34. Qb2 b4 35. axb4 Rxd3 36. Rxd3 Rxd3 37. Kf2 cxb4 38. Qe2 Qb6+ 39. Kg2 Rxb3 40. Qc4 Rb2+ 41. Kh3 Rd2 42. Qe4 Rd5 43. Qxh7 b3 44. Qh8+ Ke7 45. Qxg7 b2 46. Qf6+ Ke8 47. Qh8+ Ke7 48. Qf6+ Ke8 49. Qh8+ Ke7 1/2-1/2

[Event "San Francisco TNM Summer op"]
[Site "San Francisco"]
[Date "2015.06.02"]
[Round "2"]
[White "Krasnov, Steven Lender"]
[Black "Rakonitz, David"]
[Result "1-0"]
[WhiteElo "1977"]
[BlackElo "1613"]
[PlyCount "105"]
[EventDate "2015.05.26"]
[EventType "swiss"]
[EventRounds "8"]
[EventCountry "USA"]
[SourceTitle "EXT 2016"]
[Source "ChessBase"]
[SourceDate "2015.10.08"]
[SourceVersion "1"]
[SourceVersionDate "2015.10.08"]
[SourceQuality "1"]

1. d4 Nf6 2. Nf3 e6 3. c4 b6 4. g3 Bb7 5. Bg2 Be7 6. Nc3 0-0 7. Qc2 Na6 8. a3 c5 9. e3 cxd4 10. exd4 Nc7 11. 0-0 Qc8 12. Bg5 d5 13. cxd5 Ncxd5 14. Bd2 Nxc3 15. bxc3 Ne4 16. Rfe1 Nxd2 17. Nxd2 Bxg2 18. Kxg2 Bf6 19. Rac1 Qc6+ 20. Kg1 Rac8 21. Qb3 Rc7 22. Ne4 Be7 23. h4 Qc4 24. Rb1 Rfc8 25. Re3 Qxb3 26. Rxb3 Rc4 27. Nd2 R4c7 28. Kf1 Kf8 29. Ke2 g5 30. hxg5 Bxg5 31. f4 Bf6 32. g4 h6 33. Ne4 Kg7 34. Rb5 Be7 35. a4 Rc4 36. a5 R4c6 37. axb6 axb6 38. f5 Bg5 39. Nxg5 hxg5 40. fxe6 fxe6 41. Rxg5+ Kf6 42. Rb5 Rxc3 43. Rxc3 Rxc3 44. Rxb6 Rg3 45. d5 Rxg4 46. Rxe6+ Kf7 47. Kd3 Ra4 48. Re4 Rxe4 49. Kxe4 Ke7 50. Ke5 Kd7 51. d6 Ke8 52. Ke6 Kd8 53. d7 1-0

[Event "San Francisco TNM Spring op"]
[Site "San Francisco"]
[Date "2015.04.21"]
[Round "6"]
[White "Krasnov, Steven Lender"]
[Black "Royzen, Igor"]
[Result "1/2-1/2"]
[WhiteElo "2016"]
[BlackElo "1881"]
[PlyCount "120"]
[EventDate "2015.03.17"]
[EventType "swiss"]
[EventRounds "8"]
[EventCountry "USA"]
[SourceTitle "EXT 2016"]
[Source "ChessBase"]
[SourceDate "2015.10.08"]
[SourceVersion "1"]
[SourceVersionDate "2015.10.08"]
[SourceQuality "1"]

1. Nf3 d5 2. g3 Nf6 3. Bg2 Bf5 4. c4 c6 5. 0-0 e6 6. cxd5 exd5 7. Nc3 Bd6 8. d3 0-0 9. Nh4 Bg6 10. Nxg6 hxg6 11. Bg5 Qb6 12. Rb1 Nbd7 13. b4 a6 14. Qc2 Rfe8 15. a3 Nf8 16. e4 dxe4 17. dxe4 Ne6 18. Be3 Qc7 19. h3 Rad8 20. f4 Be7 21. e5 Nd5 22. Nxd5 cxd5 23. Qxc7 Nxc7 24. Bb6 Rd7 25. Bxc7 Rxc7 26. Bxd5 Rc3 27. Rb3 Rxb3 28. Bxb3 Rd8 29. Rf3 Rd2 30. Kf1 Kf8 31. Rc3 Ke8 32. Ke1 Rb2 33. e6 fxe6 34. Bxe6 Bf6 35. Rc7 b6 36. Rb7 Bc3+ 37. Kf1 a5 38. Bf7+ Kf8 39. Bxg6 axb4 40. Rb8+ Ke7 41. Rb7+ Kf8 42. Rxb6 bxa3 43. Rxb2 Bxb2 44. Bb1 Ke7 45. Ba2 Kf6 46. Ke2 g5 47. Kf3 Bc1 48. fxg5+ Kxg5 49. h4+ Kh5 50. Bf7+ Kh6 51. Ke4 Bb2 52. Kf5 Bc1 53. g4 Kg7 54. Bc4 Bd2 55. g5 Be3 56. Kg4 Bd2 57. Bd5 Bc1 58. Kf5 Bd2 59. Ke4 Kg6 60. Kf3 Bxg5 1/2-1/2

[Event "San Francisco TNM Winter op"]
[Site "San Francisco"]
[Date "2015.02.24"]
[Round "8"]
[White "Krasnov, Steven Lender"]
[Black "Lin, Aung Tun"]
[Result "0-1"]
[WhiteElo "2016"]
[BlackElo "1735"]
[PlyCount "48"]
[EventDate "2015.01.06"]
[EventType "swiss"]
[EventRounds "8"]
[EventCountry "USA"]
[SourceTitle "EXT 2016"]
[Source "ChessBase"]
[SourceDate "2015.10.08"]
[SourceVersion "1"]
[SourceVersionDate "2015.10.08"]
[SourceQuality "1"]

1. e4 d6 2. f4 e5 3. Nf3 Be7 4. Nc3 exf4 5. d4 Bh4+ 6. Ke2 Bg4 7. Bxf4 Nc6 8. h3 Bh5 9. g4 Bg6 10. Bg2 Qe7 11. Nxh4 Qxh4 12. Qd2 Nf6 13. Bg5 Qg3 14. Bf3 d5 15. Rag1 Qd6 16. e5 Qe6 17. Bxf6 gxf6 18. Nxd5 0-0-0 19. c4 fxe5 20. dxe5 Nxe5 21. Qe3 Rhe8 22. b3 Qa6 23. Nb4 Nxc4 24. bxc4 Qxc4+ 0-1

[Event "San Francisco TNM Winter op"]
[Site "San Francisco"]
[Date "2015.02.17"]
[Round "7"]
[White "Newey, Richard H"]
[Black "Krasnov, Steven Lender"]
[Result "1/2-1/2"]
[WhiteElo "1755"]
[BlackElo "2016"]
[PlyCount "130"]
[EventDate "2015.01.06"]
[EventType "swiss"]
[EventRounds "8"]
[EventCountry "USA"]
[SourceTitle "EXT 2016"]
[Source "ChessBase"]
[SourceDate "2015.10.08"]
[SourceVersion "1"]
[SourceVersionDate "2015.10.08"]
[SourceQuality "1"]

1. e4 c5 2. Nf3 d6 3. d4 cxd4 4. Nxd4 Nf6 5. Nc3 a6 6. Be2 e6 7. 0-0 Nbd7 8. Be3 Qc7 9. Nb3 b5 10. a3 Bb7 11. Bf3 Be7 12. g3 Rc8 13. Bg2 Ne5 14. Nd2 h5 15. h3 g6 16. f4 Ned7 17. Bd4 0-0 18. Qe2 Rfe8 19. Qf2 Nc5 20. Rae1 e5 21. fxe5 dxe5 22. Be3 Ne6 23. Nd5 Bxd5 24. exd5 Nd4 25. Ne4 Nf5 26. d6 Nxe4 27. Bxe4 Nxd6 28. Bd5 Rf8 29. c3 Nf5 30. Bb6 Qxb6 31. Qxb6 Bc5+ 32. Qxc5 Rxc5 33. Rxe5 Kg7 34. g4 hxg4 35. hxg4 Nh6 36. Rf4 Rd8 37. Rd4 Kf6 38. Bf3 Kxe5 39. Rxd8 Kf4 40. Kg2 a5 41. Re8 f5 42. gxf5 Nxf5 43. Re4+ Kg5 44. Rg4+ Kf6 45. Kf2 g5 46. Re4 Rd5 47. Re2 Rc5 48. Bg4 Ne7 49. Re6+ Kf7 50. Rb6 Nd5 51. Rb7+ Kf6 52. Bd7 b4 53. Rb5 Rxb5 54. Bxb5 bxc3 55. bxc3 Nxc3 56. Bc6 Kf5 57. Ke3 Ke5 58. Kd3 Nd5 59. Kc4 Nc7 60. Kc5 g4 61. a4 g3 62. Bg2 Ke6 63. Kb6 Nd5+ 64. Kxa5 Nc3 65. Kb4 Nxa4 1/2-1/2